<?xml version="1.0" encoding="UTF-8"?>
<record
    xmlns:xsi="http://www.w3.org/2001/XMLSchema-instance"
    xsi:schemaLocation="http://www.loc.gov/MARC21/slim http://www.loc.gov/standards/marcxml/schema/MARC21slim.xsd"
    xmlns="http://www.loc.gov/MARC21/slim">

  <leader>00670cam a22002174i 4500</leader>
  <datafield tag="999" ind1=" " ind2=" ">
    <subfield code="c">7885</subfield>
    <subfield code="d">7885</subfield>
  </datafield>
  <controlfield tag="001">991061111456006706</controlfield>
  <controlfield tag="003">OSt</controlfield>
  <controlfield tag="005">20240515105811.0</controlfield>
  <controlfield tag="008">240321e202403  spc|||||||||||0|| 0-spa|c</controlfield>
  <datafield tag="017" ind1=" " ind2=" ">
    <subfield code="a">DL B 3422-2024</subfield>
    <subfield code="b">Biblioteca de Catalunya</subfield>
  </datafield>
  <datafield tag="020" ind1=" " ind2=" ">
    <subfield code="a">9788419558527</subfield>
  </datafield>
  <datafield tag="040" ind1=" " ind2=" ">
    <subfield code="a">ES-BaUAB</subfield>
    <subfield code="b">cat</subfield>
    <subfield code="e">rda</subfield>
    <subfield code="c">CDMR</subfield>
  </datafield>
  <datafield tag="100" ind1="1" ind2=" ">
    <subfield code="a">Juliana, Enric,</subfield>
  </datafield>
  <datafield tag="245" ind1="1" ind2="0">
    <subfield code="a">Espa&#xF1;a, el pacto y la furia</subfield>
    <subfield code="b"> : una historia pol&#xED;tica de nuestro pa&#xED;s del 11M al presente /</subfield>
    <subfield code="c">Enric Juliana</subfield>
  </datafield>
  <datafield tag="264" ind1=" " ind2="1">
    <subfield code="a">Barcelona :</subfield>
    <subfield code="b">Arpa,</subfield>
    <subfield code="c">2024</subfield>
  </datafield>
  <datafield tag="300" ind1=" " ind2=" ">
    <subfield code="a">619 p&#xE0;gines ;</subfield>
    <subfield code="c">22 cm</subfield>
  </datafield>
  <datafield tag="651" ind1=" " ind2="4">
    <subfield code="a">Espanya</subfield>
    <subfield code="x">Pol&#xED;tica i govern</subfield>
    <subfield code="y">2004-2024</subfield>
  </datafield>
  <datafield tag="908" ind1=" " ind2=" ">
    <subfield code="a">UAB</subfield>
    <subfield code="a">UB</subfield>
  </datafield>
  <datafield tag="940" ind1=" " ind2=" ">
    <subfield code="a">UAB</subfield>
  </datafield>
  <datafield tag="942" ind1=" " ind2=" ">
    <subfield code="2">udc</subfield>
    <subfield code="c">MON</subfield>
  </datafield>
  <datafield tag="952" ind1=" " ind2=" ">
    <subfield code="0">0</subfield>
    <subfield code="1">0</subfield>
    <subfield code="4">0</subfield>
    <subfield code="7">0</subfield>
    <subfield code="a">CDMR</subfield>
    <subfield code="b">CDMR</subfield>
    <subfield code="d">2024-04-30</subfield>
    <subfield code="e">Donaci&#xF3;</subfield>
    <subfield code="g">24.90</subfield>
    <subfield code="l">2</subfield>
    <subfield code="o">Dj /163</subfield>
    <subfield code="p">CDMR24040001</subfield>
    <subfield code="r">2024-05-29</subfield>
    <subfield code="s">2024-05-15</subfield>
    <subfield code="w">2024-04-30</subfield>
    <subfield code="y">MON</subfield>
  </datafield>
</record>
